Loading...
Arts - Painting | 2 | 4 | 0 | 1 | 70 | 48 | 102.33 | 5 | 6 |
Science - Physics | 1 | 6 | 1 | 0 | 70 | 70 | 91.00 | 7 | 7 |
Science - Chemistry | 1 | 5 | 2 | 1 | 55 | 52 | 100.50 | 2 | 6 |
Thought - Philosophy | 1 | 4 | 0 | 0 | 55 | 53 | 81.00 | 4 | 5 |
Arts - Music | 0 | 5 | 1 | 0 | 45 | 73 | 100.80 | 1 | 5 |
Science - Other Science | 1 | 4 | 3 | 1 | 40 | 39 | 100.60 | 3 | 5 |
Thought - Social Science | 0 | 3 | 0 | 0 | 30 | 68 | 88.67 | 0 | 3 |
Other - Pop Culture | 1 | 1 | 0 | 0 | 25 | 72 | 107.50 | 0 | 2 |
Arts - Other Arts | 0 | 3 | 1 | 0 | 25 | 67 | 89.67 | 1 | 3 |
History - World History | 1 | 1 | 0 | 0 | 25 | 55 | 83.50 | 1 | 2 |
Literature - Euro Lit | 0 | 2 | 0 | 0 | 20 | 93 | 98.00 | 1 | 2 |
Science - Biology | 0 | 2 | 0 | 0 | 20 | 109 | 114.50 | 1 | 2 |
History - Euro History | 0 | 2 | 0 | 0 | 20 | 88 | 97.50 | 0 | 2 |
Science - Engineering | 0 | 1 | 0 | 0 | 10 | 102 | 102.00 | 0 | 1 |
Other - Geo/CE | 0 | 1 | 0 | 0 | 10 | 106 | 106.00 | 1 | 1 |
Literature - World Lit | 0 | 1 | 0 | 0 | 10 | 98 | 98.00 | 0 | 1 |
Other - Other Academic | 0 | 1 | 1 | 1 | 5 | 110 | 110.00 | 0 | 1 |
History - American History | 0 | 1 | 1 | 0 | 5 | 81 | 81.00 | 1 | 1 |